000 00940nam a2200265Ia 4500
003 OSt
005 20221005113135.0
006 a|||||r|||| 00| 0
007 ta
008 221004b |||||||| |||| 00| 0 pan d
020 _c150
024 _a116614
037 _b7830/II/A, 31/01/2011, Arsee Publishers
_cTextual
040 _aCRL
_cCRL
_bpan
041 _2pan
_apan
082 _aO153,3N372:g, Q0
100 _aਹੰਸਪ੍ਰੀਤ ਕੌਰ
245 0 _aਅਖ਼ਗ਼ਲ ਆਹਿਸਨ ਰੰਧਾਵਾ ਦੀ ਨਾਵਲ ਕਲਾ
260 _aਦਿੱਲੀ
_b੍ਰੀ ਪ੍ਰਕਾਨ ਭਾਰਤ
_c2010
300 _a87ਪੰ
_ccm.
650 _a ਪੰਜਾਬੀ ਕਹਾਣੀ
650 _aਪੰਜਾਬੀ ਸਾਹਿਤ
942 _hO153,3N372:g, Q0
_cTEXL
_2cc
999 _c1027164
_d1027164